|
|
|
|
| LEADER |
01397nam a2200373Ia 4500 |
| 001 |
EBC3414582 |
| 003 |
MiAaPQ |
| 005 |
20200520144314.0 |
| 006 |
m o d | |
| 007 |
cr cn||||||||| |
| 008 |
030610r20032006miu sb 001 0 eng d |
| 010 |
|
|
|z 2002153615
|
| 020 |
|
|
|z 0472113127
|
| 020 |
|
|
|z 0472030809 (pbk.)
|
| 035 |
|
|
|a (MiAaPQ)EBC3414582
|
| 035 |
|
|
|a (Au-PeEL)EBL3414582
|
| 035 |
|
|
|a (CaPaEBR)ebr10356833
|
| 035 |
|
|
|a (CaONFJC)MIL244531
|
| 035 |
|
|
|a (OCoLC)743199632
|
| 040 |
|
|
|a MiAaPQ
|c MiAaPQ
|d MiAaPQ
|
| 050 |
|
4 |
|a HF1359
|b .L63 2006
|
| 082 |
0 |
4 |
|a 306.3
|2 22
|
| 100 |
1 |
|
|a Lobell, Steven E.,
|d 1964-
|
| 245 |
1 |
4 |
|a The challenge of hegemony
|h [electronic resource] :
|b grand strategy, trade, and domestic politics /
|c Steven E. Lobell.
|
| 260 |
|
|
|a Ann Arbor :
|b University of Michigan Press,
|c c2003
|g (2006 printing)
|
| 300 |
|
|
|a x, 245 p.
|
| 504 |
|
|
|a Includes bibliographical references and index.
|
| 533 |
|
|
|a Electronic reproduction. Ann Arbor, MI : ProQuest, 2015. Available via World Wide Web. Access may be limited to ProQuest affiliated libraries.
|
| 650 |
|
0 |
|a International economic relations.
|
| 650 |
|
0 |
|a Commercial policy.
|
| 651 |
|
0 |
|a Great Britain
|x Foreign economic relations.
|
| 655 |
|
4 |
|a Electronic books.
|
| 710 |
2 |
|
|a ProQuest (Firm)
|
| 856 |
4 |
0 |
|u https://ebookcentral.proquest.com/lib/matrademy/detail.action?docID=3414582
|z Click to View
|